Países que limitan con Sudáfrica - Estadísticas

Estadísticas generales
  • Esta prueba ha sido intentada 5.471 veces
  • La puntuación promedio es 6 de 6
Estadísticas de respuestas
Longitud País % Correcto
909 km Lesoto
97%
430 km Esuatini
94%
967 km Namibia
94%
491 km Mozambique
93%
1.840 km Botsuana
92%
225 km Zimbabue
90%
No se encontraron pruebas coincidentes
Distribución de puntuación
Porcentaje de gente con cada puntuación
Porcentaje por número respondido
Historial de tus puntuaciones
No has intentado esta prueba.